[Event "ROM-ch U12 Girls"]
[Site "Calimanesti Caciulata"]
[Date "2019.04.16"]
[Round "?.7"]
[White "Stoian, Sofia Maria"]
[Black "Pufleni, Maria"]
[Result "0-1"]
[WhiteElo "1001"]
[BlackElo "1298"]
[PlyCount "84"]
[EventDate "2019.04.15"]
[EventType "swiss"]
[EventRounds "9"]
[EventCountry "ROU"]
[SourceTitle "EXT 2024"]
[Source "ChessBase"]
[SourceDate "2023.10.10"]
[SourceVersion "1"]
[SourceVersionDate "2023.10.10"]
[SourceQuality "1"]

1. e4 c5 2. Nf3 d6 3. Bc4 Nf6 4. d3 g6 5. 0-0 Bg7 6. Bd2 0-0 7. Nc3 Nc6 8. Bg5 a6 9. a3 b5 10. Ba2 Rb8 11. Bd5 Bb7 12. Re1 Nd7 13. Bf4 Qb6 14. Be3 a5 15. a4 b4 16. Nb1 Bxb2 17. Ra2 Bg7 18. Nbd2 Bc3 19. Bh6 Rfe8 20. Ng5 e6 21. Bc4 Ba6 22. Ndf3 Bxe1 23. Qxe1 Bxc4 24. dxc4 b3 25. cxb3 Qxb3 26. Qe2 Qb1+ 27. Ne1 Nd4 28. Qd2 Rb3 29. h3 e5 30. Ngf3 Nxf3+ 31. Kh1 Nxd2 32. Rxd2 Qxe1+ 33. Kh2 Qxe4 34. Rxd6 Nb6 35. f3 Qxc4 36. Rf6 Re6 37. Rxe6 Qxe6 38. Bd2 Qf6 39. Bxa5 Qf4+ 40. g3 Rb2+ 41. Kg1 Qc1+ 42. Be1 Qxe1# 0-1

[Event "EU-ch U10 Girls 27th"]
[Site "Mamaia"]
[Date "2017.09.07"]
[Round "3"]
[White "Budagova, Leyla"]
[Black "Pufleni, Maria"]
[Result "1-0"]
[WhiteElo "1442"]
[BlackElo "1213"]
[PlyCount "69"]
[EventDate "2017.09.05"]
[EventType "swiss"]
[EventRounds "9"]
[EventCountry "ROU"]
[SourceTitle "CBM 180 Extra"]
[Source "ChessBase"]
[SourceDate "2017.10.06"]
[SourceVersion "1"]
[SourceVersionDate "2017.10.06"]
[SourceQuality "1"]

1. e4 c5 2. Nf3 d6 3. d4 cxd4 4. Nxd4 Nf6 5. Nc3 g6 6. Be3 Bg7 7. f3 0-0 8. Qd2 Nc6 9. 0-0-0 Nxd4 10. Bxd4 Be6 11. Kb1 Qc7 12. g4 Rfc8 13. h4 Qa5 14. a3 Rab8 15. Be2 b5 16. g5 Nd7 17. Bxg7 Kxg7 18. h5 b4 19. Nd5 Bxd5 20. exd5 Qc5 21. hxg6 fxg6 22. Ba6 Rc7 23. a4 Ne5 24. f4 Nc4 25. Qh2 Rh8 26. Qh6+ Kg8 27. f5 Ne3 28. Rd2 Nxf5 29. Qh3 Qa5 30. Bd3 Ng7 31. Bxg6 Qxa4 32. Bxh7+ Kf8 33. Qf3+ Ke8 34. Bg6+ Kd7 35. Rxh8 1-0

[Event "ROM-ch U10 Girls"]
[Site "Baile Felix"]
[Date "2017.02.04"]
[Round "3"]
[White "Pufleni, Maria"]
[Black "Ivascu, Andreea Catalina"]
[Result "0-1"]
[WhiteElo "1135"]
[BlackElo "1001"]
[PlyCount "66"]
[EventDate "2017.02.02"]
[EventType "swiss"]
[EventRounds "9"]
[EventCountry "ROU"]
[SourceTitle "CBM 176 Extra"]
[Source "ChessBase"]
[SourceDate "2017.03.02"]
[SourceVersion "1"]
[SourceVersionDate "2017.03.02"]
[SourceQuality "1"]

1. c4 e5 2. Nc3 Nf6 3. e3 Bc5 4. d4 exd4 5. exd4 Qe7+ 6. Be3 Bb6 7. Nf3 0-0 8. Bd3 d6 9. h3 Bd7 10. 0-0 Nc6 11. Re1 Qd8 12. d5 Nb4 13. Bg5 Nxd3 14. Qxd3 h6 15. Bh4 Re8 16. Rxe8+ Qxe8 17. Bxf6 gxf6 18. Re1 Qf8 19. Nd2 Re8 20. Nde4 Qg7 21. Qg3 Qxg3 22. Nxg3 Rxe1+ 23. Kh2 Bxf2 24. Nh5 Bf5 25. Nxf6+ Kh8 26. Nb5 Rc1 27. Nxc7 Rxc4 28. Nb5 Be6 29. dxe6 fxe6 30. Nxd6 Rd4 31. Nxb7 Rd3 32. Na5 Bg3+ 33. Kg1 Rd1# 0-1

[Event "ROM-ch U10 Girls"]
[Site "Calimanesti Caciulata"]
[Date "2016.04.24"]
[Round "8"]
[White "Pufleni, Maria"]
[Black "Pantazi, Alexandra Patricia"]
[Result "0-1"]
[WhiteElo "1001"]
[BlackElo "1003"]
[PlyCount "148"]
[EventDate "2016.04.18"]
[EventType "swiss"]
[EventRounds "9"]
[EventCountry "ROU"]
[SourceTitle "CBM 172 Extra"]
[Source "ChessBase"]
[SourceDate "2016.06.21"]
[SourceVersion "1"]
[SourceVersionDate "2016.06.21"]
[SourceQuality "1"]

1. e4 e5 2. Nf3 Nc6 3. Bc4 Be7 4. Nc3 d6 5. d3 Nf6 6. 0-0 0-0 7. Bg5 h6 8. Bxf6 Bxf6 9. Nd5 a6 10. Re1 Bg5 11. d4 Re8 12. dxe5 dxe5 13. Nc3 Be6 14. Qxd8 Raxd8 15. h4 Bf6 16. Bb3 Bg4 17. Nd5 Bxf3 18. Nxf6+ gxf6 19. gxf3 Nd4 20. Re3 Ne6 21. Rd3 Rxd3 22. cxd3 Kh7 23. Rd1 Rg8+ 24. Kh2 Rg7 25. Bd5 c6 26. Bb3 Nd4 27. Kh3 Nxf3 28. a3 Nd4 29. Ba2 f5 30. Kh2 f4 31. Kh1 f6 32. Rd2 Nf3 33. Rd1 Rg4 34. Be6 Rxh4+ 35. Kg2 Ng5 36. Bc4 f3+ 37. Kg3 Rh3+ 38. Kg4 h5+ 39. Kf5 Kg7 40. Rg1 Rh2 41. Rf1 Kh6 42. Be6 Nh3 43. Kxf6 Nxf2 44. Kxe5 Nxd3+ 45. Kd6 Rf2 46. Rxf2 Nxf2 47. e5 Ne4+ 48. Kd7 f2 49. Bf5 Nc5+ 50. Kc7 f1Q 51. Bc2 Qf7+ 52. Kb6 Qd5 53. Ka7 Qxe5 54. Bd1 Qxb2 55. Ka8 Qxa3 56. Ka7 h4 57. Bg4 h3 58. Kb6 h2 59. Bf3 Qxf3 60. Kxc5 h1Q 61. Kb6 Qg1+ 62. Kc7 Qf7+ 63. Kb8 Qgg8+ 64. Ka7 b5+ 65. Kb6 Qb8+ 66. Ka5 Qa2+ 67. Kb4 Qf4+ 68. Kc5 Qfc4+ 69. Kb6 b4 70. Ka7 b3 71. Ka8 b2 72. Ka7 b1Q 73. Ka8 Qg8+ 74. Ka7 Qbb8# 0-1

[Event "ROM-ch U10 Girls"]
[Site "Calimanesti Caciulata"]
[Date "2016.04.20"]
[Round "3"]
[White "Pufleni, Maria"]
[Black "Iorga, Maria Irina"]
[Result "0-1"]
[WhiteElo "1001"]
[BlackElo "1042"]
[PlyCount "98"]
[EventDate "2016.04.18"]
[EventType "swiss"]
[EventRounds "9"]
[EventCountry "ROU"]
[SourceTitle "CBM 172 Extra"]
[Source "ChessBase"]
[SourceDate "2016.06.21"]
[SourceVersion "1"]
[SourceVersionDate "2016.06.21"]
[SourceQuality "1"]

1. e4 e5 2. Nf3 Nc6 3. Bc4 Bc5 4. Nc3 Nf6 5. 0-0 0-0 6. d3 a6 7. Be3 Bxe3 8. fxe3 d6 9. Rb1 Ng4 10. Qd2 h6 11. d4 exd4 12. exd4 b5 13. Be2 Re8 14. Rfe1 Qf6 15. Rbd1 Qg6 16. Bd3 Nb4 17. Nd5 Nxd3 18. cxd3 Ra7 19. e5 dxe5 20. dxe5 Qc6 21. Re4 Qxd5 22. b3 Nxe5 23. Rxe5 Rxe5 24. Nxe5 Qxe5 25. Re1 Qd4+ 26. Re3 Bf5 27. Kh1 Qa1+ 28. Re1 Qd4 29. Re3 c6 30. h3 Rd7 31. Kh2 Bxd3 32. Rxd3 Qxd3 33. Qxd3 Rxd3 34. Kg1 Rd2 35. a3 Rd3 36. b4 Rxa3 37. Kf2 Rd3 38. Ke2 Rd4 39. Ke3 Rxb4 40. Kd3 Rc4 41. Ke3 a5 42. Kd3 a4 43. Kd2 a3 44. Kd1 a2 45. Kd2 a1Q 46. Kd3 Qa3+ 47. Kd2 Rb4 48. Kc2 Rb2+ 49. Kc1 Qa1# 0-1